| 000 | 00430cam a22001097a 4500 | ||
|---|---|---|---|
| 008 | 180718b1958 xxu||||| |||| 00| 0 eng d | ||
| 082 | _aG5x5451 An24 | ||
| 245 |
_aThe Andhra Pradesh Legislative Assembly rules under clause (1) of article 208 of the constitution _cby Legislature Secretariat, Andhra Pradesh |
||
| 260 |
_aHyderabad _bLegislature Secretariat _c1958 |
||
| 300 | _a71+p | ||
| 700 | _aAndhra Pradesh. Legislature Secretariat | ||
| 999 |
_c491089 _d491089 |
||